Indigenous People and Poverty: (Record no. 3309)

MARC details
000 -LEADER
fixed length control field 00590nam a22001937a 4500
003 - CONTROL NUMBER IDENTIFIER
control field OSt
005 - DATE AND TIME OF LATEST TRANSACTION
control field 20210525142805.0
008 - FIXED-LENGTH DATA ELEMENTS--GENERAL INFORMATION
fixed length control field 160323b xxu||||| |||| 00| 0 eng d
020 ## - INTERNATIONAL STANDARD BOOK NUMBER
International Standard Book Number 1842776797
040 ## - CATALOGING SOURCE
Transcribing agency 040a
082 ## - DEWEY DECIMAL CLASSIFICATION NUMBER
Classification number 362.5 IND 2005
100 ## - MAIN ENTRY--PERSONAL NAME
Personal name Eversole, Robyn; McNeish, John-Andrew; Cimadamore,Alberto D.
9 (RLIN) 14287
245 ## - TITLE STATEMENT
Title Indigenous People and Poverty:
Remainder of title an international perspective
260 ## - PUBLICATION, DISTRIBUTION, ETC. (IMPRINT)
Place of publication, distribution, etc. London
Name of publisher, distributor, etc. Zed books
Date of publication, distribution, etc. 2005
300 ## - PHYSICAL DESCRIPTION
Extent iii, 311p;
Other physical details ill :
Dimensions 10 cm
504 ## - BIBLIOGRAPHY, ETC. NOTE
Bibliography, etc Includes bibliographical references and index
650 ## - SUBJECT ADDED ENTRY--TOPICAL TERM
Topical term or geographic name as entry element Poverty
9 (RLIN) 8
942 ## - ADDED ENTRY ELEMENTS (KOHA)
Source of classification or shelving scheme Dewey Decimal Classification
Koha item type Short Loan
Holdings
Withdrawn status Lost status Source of classification or shelving scheme Damaged status Not for loan Home library Current library Date acquired Source of acquisition Inventory number Total Checkouts Full call number Barcode Date last seen Koha item type
    Dewey Decimal Classification     MUST Main Library MUST Main Library 23/03/2016 Purchase 07/28642   362.5 IND 2005 2016-0509 23/03/2016 Short Loan
    Dewey Decimal Classification     MUST Main Library MUST Main Library 14/04/2016 Purchase 07/28643   362.5 IND 2005 2016-0880 14/04/2016 Short Loan